000 01312nam0a22003611 4500
001 RU\NLR\Evr\1743
005 20260406130824.0
035 _a(NLR Aleph) 011418135
090 _a11593977
_c11593977
100 _a20070319d1938 u y0rusy50 ca
101 1 _ayid
102 _aRU
105 _ay |||||||||
200 1 _6a01
_7ba
_aKhadzhi Murat
_fL.N. Tolstoy
210 _6a01
_aMoskve
_cEmes
_d1938
_7ba
210 _6a01
_9z02
_aמאָסקווע
_cעמעס
_d1938
210 _9z02
_aМосква
_cЭмес
_d1938
_7ca
215 _a138 с.
_d21 см.
320 _aС. 137-138: примечания (словарные и фактографические)
510 1 _6a01
_aכאדזשי מוראט
_fל.נ.טאָלסטאָי
541 1 _aХаджи Мурат
_zrus
700 1 _4070
_8rus
_7ca
_aТолстой
_bЛ. Н.
_f1828-1910
_gЛев Николаевич
_3RU\NLR\AUTH\771515
_9111537
790 1 _6a01
_aTolstoy
_bL.N.
_gLev Nikolaevitsh
_4070
_7ba
790 1 _6a01
_aטאָלסטאָי
_b.ל.נ
_gלעוו ניקאָלאייעוויטש
_4070
801 0 _aRU
_bNLR
_c20070319
_gpsbo
801 0 _aRU
_bNLR
_gPSBO
801 1 _aRU
_bNLR
_c20070319
_2rusmarc
801 2 _aRU
_bNLR
_c20080220
_2rusmarc
852 _aNLR
_bОЛСАА/идиш
_jМ-2221
942 _cBOOK
980 _aNB
980 1 _aIDISH